000 00280nam a22001217a 4500
008 170918b xxu||||| |||| 00| 0 eng d
041 _aeng
080 _a44
100 _a7
101 _aART
245 _aSELECTIONS FROM THE CAMPBELL MUSEUM COLLECTION
_cCAMDEN
942 _2udc
_cBK
999 _c28014
_d28014